Past North Macedonias - Statistics

General Stats
  • This quiz has been taken 11 times
  • The average score is 2 of 9
Answer Stats
Timeline Answer % Correct
1991-2018 Former Yugoslav Republic of Macedonia
91%
1991-1991 Republic of Macedonia
45%
2018-Present Republic of North Macedonia
45%
1963-1991 Socialist Republic of Macedonia
36%
1946-1963 People's Republic of Macedonia
9%
1944-1946 Democratic Federal Macedonia
0%
1365-1867 Eyalet of Rumelia
0%
1929-1941 Vardar Banovina
0%
1912-1929 Vardar Macedonia
0%
No matching quizzes found
Score Distribution
Percent of People with Each Score
Percentile by Number Answered
Your Score History
You have not taken this quiz